000
00261nam a2200097Ia 4500
001
1153379
005
20250827011123.0
008
250824s9999 xx 000 0 und d
245
0
_a
KANLI TOPRAKLAR K1 14
_c
ORHAN KEMAL
260
_b
EVEREST YAYINLARI
999
_c
1153379
_d
1153379